Valtioita satelliittikuvien mukaan #5 - Statistics

Yleistilastot
  • Tätä visaa on pelattu 1 215 kertaa
  • Keskiarvotulos 10 / 16
Vastaustilastot
Kuvavisa Vastaus % Oikein
Japani
99%
Kanada
92%
Kreikka
91%
Indonesia
89%
Madagaskar
89%
Sri Lanka
79%
Jemen
74%
Thaimaa
70%
Marokko
66%
Peru
52%
Venezuela
46%
Malta
44%
Itä-Timor
39%
Namibia
31%
Vanuatu
27%
Belize
13%
Ehtoja vastaavia visoja ei löytynyt
Tulosjakauma
Jokaisen tuloksen saaneiden osuus
Persentiili vastausten määrän mukaan
Tuloshistoriasi
Et ole pelannut tätä visaa